Biblioteca de selecciones : Los sabuesos de la muerte, El puente sobre el río Kwai, Historia de un verano, Congo kitabu /
Guardado en:
| Otros autores: | , , , , , |
|---|---|
| Formato: | Libro |
| Idioma: | Español |
| Publicado: |
México :
Reader's Digest,
1969, c1969
|
| Edición: | Edición abreviada |
| Colección: | (Biblioteca de Selecciones de Reader's Digest)
|
| Temas: | |
| Etiquetas: |
Sin etiquetas, Sé el primero en etiquetar este registro!
|
MARC
| LEADER | 00000nam^a2200000^a^4500 | ||
|---|---|---|---|
| 001 | 000270012 | ||
| 005 | 20250521000000.0 | ||
| 009 | 20260310110942.083 | ||
| 037 | |a Acervo Xavier Clavigero | ||
| 041 | |a ESP | ||
| 082 | |a 808. 83 |b SEL BIB V. 17 | ||
| 240 | 1 | 1 | |a [Biblioteca de Selecciones de Reader's Digest] |
| 240 | 1 | 4 | |a [El puente sobre el río Kwai] |
| 245 | 0 | 0 | |a Biblioteca de selecciones : |b Los sabuesos de la muerte, El puente sobre el río Kwai, Historia de un verano, Congo kitabu / |
| 250 | |a Edición abreviada | ||
| 264 | 4 | |a México : |b Reader's Digest, |c 1969, c1969 | |
| 300 | |a 493 p. | ||
| 336 | |a texto |b txt |2 rdacontenido | ||
| 337 | |a sin mediación |b n |2 rdamedio | ||
| 338 | |a volumen |b nc |2 rdasoporte | ||
| 440 | 1 | |a (Biblioteca de Selecciones de Reader's Digest) | |
| 500 | |a Traducción de: The Gabriel Hounds; Le pont de la rivière Kwai; One Summer in Between; Congo Kitabu | ||
| 649 | |a XX | ||
| 650 | |a Novela Inglesa | ||
| 650 | |a Novela Norteamericana | ||
| 650 | |a Novela Francesa | ||
| 650 | |a Literatura Inglesa - |y Siglo XX | ||
| 650 | |a Literatura Norteamericana - |y Siglo XX | ||
| 650 | |a Literatura Francesa - |y Siglo XX | ||
| 650 | |a Literatura de Mujeres - |z Inglaterra | ||
| 650 | |a Literatura de Mujeres - |z EUA | ||
| 740 | 4 | |a Los sabuesos de la muerte / |c M. Stewart ; il. de Joe de Mers ; versión de Consuelo Vázquez de Parga. | |
| 740 | 3 | |a El puente sobre el río Kwai / |c P. Boulle ; il. de Nat Mayer ; versión de Ana Cela. | |
| 740 | 0 | |a Historia de un verano / |c M. Mather ; il. de Michell Hooks ; versión de S. Masó. | |
| 740 | 0 | |a Congo kitabu / |c J.P. Hallet ; colaboración de A. Pelle ; il. de Thomas Beecham ; versión de José María Díaz Castro. | |
| 700 | |a Stewart, Mary |e (autor) | ||
| 700 | |a Boulle, Pierre |e (autor) | ||
| 700 | |a Mather, Melissa |e (autor) | ||
| 700 | |a Hallet, Jean-Pierre |e (autor) | ||
| 700 | |a Pelle, Alex |e (colaboración) | ||
| 700 | |a Masó, Salustiano |e (versión) | ||
| 910 | |a Fondo General | ||
| 920 | |a Impresos - Libros | ||
| 930 | |a Colección General | ||
| 940 | |a Literatura | ||
| 905 | |a 101 | ||
| 901 | |a 009448 |b IT1 |c LIT |u 20250521 | ||
| 902 | |a https://opac.biblio.iteso.mx/vufind/Record/000270012 | ||